Slovarʹ spravochnik po fizicheskoĭ geografii ; posobie dli︠a︡ uchiteleĭ geografii.

Bibliographic Details
Main Author: Barkov, Aleksandr Sergeevich, 1873-1953
Format: Book
Language:Russian
Published: Moskva : Gos. uchebno-pedagog. izd-vo, 1954.
Edition:Izd. 3., perer. i dop.
Subjects:

MARC

Tag First Indicator Second Indicator Subfields
LEADER 00000cam a2200000I 4500
001 in00001720522
005 20151024194924.0
008 800131s1954 ru ab bd 000 0 rusr
010 |a  55040870  
019 |a 32265186 
035 |a (OCoLC)ocm05931079 
040 |a DLC  |c IAY  |d IAY  |d TXA  |d UtOrBLW 
043 |a e-ur--- 
049 |a TXAM 
050 0 0 |a G108.A2  |b B3 1954 
100 1 |a Barkov, Aleksandr Sergeevich,  |d 1873-1953. 
245 1 0 |a Slovarʹ spravochnik po fizicheskoĭ geografii ;  |b posobie dli︠a︡ uchiteleĭ geografii. 
250 |a Izd. 3., perer. i dop. 
264 1 |a Moskva :  |b Gos. uchebno-pedagog. izd-vo,  |c 1954. 
300 |a 307 pages :  |b illustrations, maps. ;  |c 21 cm. 
336 |a text  |b txt  |2 rdacontent 
337 |a unmediated  |b n  |2 rdamedia 
338 |a volume  |b nc  |2 rdacarrier 
504 |a Bibliography: pages 306-307. 
650 0 |a Physical geography  |v Dictionaries. 
650 0 |a Physical geography  |z Soviet Union. 
948 |a cataloged  |b h  |c 2003/1/22  |d c  |e tchubaryan  |f 1:19:34 pm 
994 |a E0  |b TXA 
999 |a MARS 
999 f f |s 7bf22002-c35c-3faf-92da-e2691fe75ea7  |i 0962471e-bb4d-3170-8f31-7a04773e0e18  |t 0 
952 f f |p ric  |a Texas A&M University  |b Rellis Campus  |c Joint Library Facility  |d Remote Storage  |t 0  |e G108.A2 B3 1954  |h Library of Congress classification  |i unmediated -- volume  |m A14829229034 
998 f f |a G108.A2 B3 1954  |t 0  |l Remote Storage